<A> Survey of Economic Policies and Macroeconomic Performance in Chile and Colombia, 1970-95

Gespeichert in:
Bibliographische Detailangaben
1. Verfasser: Clavijo, Sergio
Format: Buch
Sprache:Englisch
Veröffentlicht: Washington International Monetary Fund 1995
Ausgabe:1. ed.
Schriftenreihe:IMF Working Paper 139
Schlagworte:
Tags: Tag hinzufügen
Keine Tags, Fügen Sie das erste Tag hinzu!

MARC

LEADER 00000nam a2200000 4500
001 c017384
005 20221205133606.4
041 0 |a eng 
044 |a US 
245 1 0 |a <A> Survey of Economic Policies and Macroeconomic Performance in Chile and Colombia, 1970-95  |c Sergio Clavijo 
250 |a 1. ed. 
264 1 |a Washington  |b International Monetary Fund  |c 1995 
300 |a 24 s. 
490 1 |a IMF Working Paper  |v 139 
830 0 |a IMF Working Paper  |v 139 
610 2 0 |a politika hospodárska 
610 2 0 |a makroekonomika 
610 2 0 |a Kolumbia 
610 2 0 |a Čile 
610 2 0 |a 1970-1995 
100 1 |a Clavijo, Sergio